000 01054cam a2200217 4500
001 WB3834-05
008 020918n2002 000 0 eng u
035 _a(Sirsi) u119739
245 _aOpening business eyes
260 _c2002
490 _aRICS Press Release
_v(pr110) 18 September 2002, (3)
520 _aRICS has launched its 'Property in Business' national campaign to encourage small businesses to streamline their property assets. It aims to show the business community how the right property strategy can boost profits. Supporting material available as follows: "Property solutions" at www.rics.org/about_us/property_solutions Summary of "Property in business: a waste of space" at www.rics.org/downloads/property_in_business_summ.pdf "Businesses tackling property issues" at www.rics.org/downloads/business_tackling.pdf
590 _aWB
650 _aRICS
650 _aSMES
650 _aBUSINESSES
650 _aPROPERTY ASSETS
650 _aCOMMERICAL PROPERTY
690 _aMANAGEMENT-BUSINESS MANAGEMENT
942 _n0
999 _c71171
_d71171